| 000 | 00420nam a2200157Ia 4500 | ||
|---|---|---|---|
| 008 | 240729s9999 xx 000 0 und d | ||
| 022 | _a2398-3795 | ||
| 245 | 0 | _aBJGP Open | |
| 260 | _aUnited Kingdom | ||
| 260 | _bRoyal College of General Practitioners | ||
| 650 | _a Medicine (General) | ||
| 650 | _aMedicine | ||
| 856 | _uhttps://doaj.org/toc/188803de87d04a83979439e8c5c105b9 | ||
| 942 | _2ddc | ||
| 942 | _cDOAJEJ | ||
| 999 |
_c69922 _d69922 |
||
| 945 |
_a1 _bMadushi Gamage _c1 _dMadushi Gamage |
||